000 01394nam0a22002891 4500
001 rc\4827615
005 20250612225542.0
021 _aRU
_b[61-46549]
035 _a(NLR Aleph) 008886384
090 _a8614318
_c8614318
100 _a20130426d1961 |||y0rusy50 ca
101 0 _arus
102 _aRU
105 _ay z |||||
200 1 _aГидрогеохимические исследования при поисках и разведке подземных бороносных вод
_fПод ред. Н.А. Маринова
_gВсесоюз. науч.-исслед. ин-т гидрогеологии и инженер. геологии "ВСЕГИНГЕО" М-ва геологии и охраны недр СССР
210 _aМосква
_cГосгеолтехиздат
_d1961
215 _a127 с.
_cграф.
_d26
320 _aБиблиогр.: с. 118-124 (215 назв.)
606 _aБорные месторождения
_xПоиски и разведка
_xГидрохимический метод
_2psbo
700 1 _7ca
_8rus
_aЩербаков
_bА. В.
_cканд. геол.-минерал. наук
_f1936-
_gАлександр Владимирович
_9256112
_3RU\NLR\AUTH\770256168
702 1 _aМаринов
_bН.А.
_4340
801 0 _aRU
_bNLR
_gpsbo
801 1 _aRU
_bELAR
_2rusmarc
852 _aNLR
_j61-7/1171
942 _cBOOK
980 _aNB